000 00311nam a22001457a 4500
008 210308b ||||| |||| 00| 0 eng d
020 _a9781323801352
041 _aeng
080 _23rd
_a51
082 _a51
100 _a36
101 _aMAT
245 _aIntermediate Algebra
_cGay, E.M
942 _2udc
_cBK
999 _c55988
_d55988